000 00479nam a2200181Ia 4500
001 23751
005 20260414150958.0
008 260414t2015||||xx |||||||||||||| ||spa||
041 _aESP
082 _a704.907
_bM98
100 _aSchenke, Josefina
_eAUT
245 0 _aMuseo de artes Universidad de los Andes colección María Loreto Marín Estévez
_b
260 _c2015
300 _a227 páginas :
_c23 cm.
650 _aABD
654 _aCAU
942 _cLIB
_dJUS
_fJUS
_2ddc
_n
999 _c23751
_d23751